000 002880000a22000970004500
100 1 _aLambrecht, Jan
245 1 0 _aPaul's boasting about the Corinthians. A study of 2 Cor. 8:24-9:5
300 _aVol. 40, Num. 4 (Octubre, 1998), Páginas 352-368
773 0 _tNovum Testamentum
942 _cANA
999 _c57046
_d57046